| 000 | 01127cam a2200337 a 4500 | ||
|---|---|---|---|
| 001 | 13775215 | ||
| 003 | ARRUPE | ||
| 005 | 20220411085736.0 | ||
| 008 | 041108s2005 nyu 000 1 eng | ||
| 010 | _a 2004061405 | ||
| 020 | _a139780747578376 | ||
| 040 |
_aDLC _cDLC _dDLC |
||
| 043 |
_af-ke--- _af-tz--- |
||
| 050 | 0 | 0 |
_aPR9399.9.G87 _bD47 2005 |
| 082 | 0 | 0 |
_a823/.914 _222 |
| 100 | 1 |
_aGurnah, Abdulrazak, _d1948- _951290 |
|
| 245 | 1 | 0 |
_aDesertion / _cAbdulrazak Gurnah. |
| 250 | _a1st American ed. | ||
| 260 |
_aLondon: _bBloomsbury, _cc2005. |
||
| 300 |
_a262 p. ; _c22 cm. |
||
| 650 | 0 |
_aBritish _zKenya _vFiction. _951293 |
|
| 650 | 0 |
_aTravel writers _vFiction. _951294 |
|
| 650 | 0 |
_aAfricanists _vFiction. _951295 |
|
| 651 | 0 |
_aZanzibar _vFiction. _951296 |
|
| 651 | 0 |
_aKenya _vFiction. _9601 |
|
| 655 | 7 |
_aHistorical fiction. _2gsafd |
|
| 655 | 7 |
_aLove stories. _2gsafd |
|
| 906 |
_a7 _bcbc _corignew _d1 _eocip _f20 _gy-gencatlg |
||
| 942 |
_2lcc _cMONOGRAPH |
||
| 999 |
_c131290 _d131290 |
||